[Event "ch-SRB 2012"]
[Site "Vrnjacka Banja SRB"]
[Date "2012.05.01"]
[Round "9"]
[White "Sedlak,N"]
[Black "Milanovic,Da"]
[Result "1-0"]
[WhiteElo "2593"]
[BlackElo "2520"]

1.d4 Nf6 2.Bg5 c5 3.Bxf6 gxf6 4.d5 Qb6 5.Qc1 f5 6.c4 Bg7 7.Nc3 d6 8.e3 Nd7
9.Nh3 Ne5 10.Qc2 Ng6 11.Be2 Bd7 12.O-O O-O-O 13.a3 Rdg8 14.Kh1 h5 15.Rab1 Kb8
16.f4 Bf6 17.Bd3 e6 18.e4 Qd8 19.b4 Bd4 20.exf5 exf5 21.Ne2 Bf6 22.bxc5 dxc5
23.Ng3 Nh4 24.Ng5 Bxg5 25.fxg5 Rxg5 26.Qb2 b6 27.Qe5+ Ka8 28.Rbe1 Nxg2 29.Kxg2 h4
30.Qe7 hxg3 31.h4 Rgh5 32.Qxd8+ Rxd8 33.Rf4 Kb8 34.Re7 Kc8 35.Rxf7 Rdh8 36.Kxg3 Rg8+
37.Kh3 Rgg5 38.d6 a6 39.Rf8+ Kb7 40.Be2 Rh7 41.Bf3+ Bc6 42.d7  1-0

[Event "Ostravsky Konik A"]
[Site "Ostrava CZE"]
[Date "2012.05.03"]
[Round "6.4"]
[White "Nguyen,P"]
[Black "Firt,S"]
[Result "1/2-1/2"]
[WhiteElo "2374"]
[BlackElo "2294"]

1.d4 Nf6 2.Bg5 d5 3.Bxf6 exf6 4.e3 c6 5.Bd3 Qb6 6.b3 Bd6 7.Qf3 Be6 8.Ne2 Qc7
9.c4 dxc4 10.bxc4 Nd7 11.Nbc3 a6 12.c5 Be7 13.O-O h5 14.e4 Bg4 15.Qe3 Bxe2
16.Bxe2 g6 17.f4 Kf8 18.Rab1 Kg7 19.Na4 Rab8 20.Rfc1 Rhe8 21.Qg3 h4 22.Qf2 Bf8
23.Nc3 b6 24.cxb6 Rxb6 25.Qxh4 Rxb1 26.Rxb1 Qa5 27.Qh3 Nb6 28.e5 Nd5 29.Nxd5 Qxd5
30.exf6+ Kg8 31.Qd3 Qxa2 32.Bf3 Qe6 33.f5 Qxf6 34.fxg6 fxg6 35.Rb6 Bg7 36.Rxc6 Qxd4+
37.Qxd4 Bxd4+ 38.Kf1 Kg7 39.Rxa6 g5 40.g3 Rb8 41.Ra5 Rb1+ 42.Ke2 Re1+ 43.Kd3 Re5
44.Ra2 Re3+ 45.Kxd4 Rxf3 46.Ke5 Kg6 47.Ra6+ Kg7 48.Ra7+ Kg6 49.Ra6+ Kg7 50.Ra2 Kg6
51.Ke4 Rf1 52.Ke3 Rf6 53.Rd2 Ra6 54.Rd5 Ra4 55.Rb5 g4 56.Rc5 Ra7 57.Kd3 Ra2
58.Rc2 Ra3+ 59.Ke4 Ra4+ 60.Kd5 Ra5+ 61.Kc4 Ra4+ 62.Kb5 Ra1 63.Re2 Kf6 64.Rf2+ Kg5
65.Kc4 Rd1 66.Kc3 Rd7 67.Rd2 Rc7+ 68.Kd4 Rd7+ 69.Ke3 Re7+ 70.Kf2 Rf7+ 71.Ke2 Re7+
72.Kd1 Ra7 73.Rd5+ Kg6 74.Ke1 Rh7 75.Rd2 Kg5 76.Kf1 Rf7+ 77.Rf2 Re7 78.Ra2 Rh7
79.Kg2 Rh8 80.Ra7 Rb8 81.Ra5+ Kf6 82.Ra2 Rh8 83.Rd2 Kg5 84.Rd7 Kg6 85.Rd5 Ra8
86.Kf2 Ra2+ 87.Ke3 Rxh2 88.Kf4 Ra2 89.Rd6+ Kg7 90.Kxg4 Ra4+ 91.Kh5 Ra5+ 92.Kh4 Ra4+
93.g4 Ra5 94.Rb6 Rc5 95.Ra6 Rb5 96.Ra4 Kg6 97.Ra8 Rc5 98.Rg8+ Kf7 99.Rg5 Rxg5
100.Kxg5 Kg7 101.Kf5 Kf7 102.g5 Kg7 103.g6 Kg8 104.Kg5 Kg7 105.Kh5 Kg8 106.Kh6 Kh8
107.g7+ Kg8 108.Kg6  1/2-1/2

[Event "Norsk Sjakkfestival"]
[Site "Fagernes NOR"]
[Date "2012.05.05"]
[Round "9"]
[White "Ernst,S"]
[Black "Rausis,I"]
[Result "1-0"]
[WhiteElo "2578"]
[BlackElo "2481"]

1.d4 Nf6 2.Bg5 d5 3.Bxf6 gxf6 4.e3 c5 5.c3 e5 6.Nf3 Nc6 7.Nbd2 Qb6 8.Qb3 Be6
9.g3 cxd4 10.exd4 exd4 11.Qxb6 axb6 12.Nxd4 Nxd4 13.cxd4 Bb4 14.Bb5+ Kd8
15.Ke2 Bg4+ 16.f3 Bd7 17.Bxd7 Kxd7 18.Nf1 f5 19.Ne3 Ke6 20.Kd3 Bd6 21.Rhe1 Ra6
22.f4 f6 23.Re2 Rd8 24.a3 b5 25.Rc1 Rc6 26.Rce1 Bf8 27.Rc2 h5 28.Ree2 Rdc8
29.Ng2+ Kf7 30.Rxc6 bxc6 31.Nh4 b4 32.a4 b3 33.Re1 Ra8 34.Ra1 Bb4 35.Nxf5 Ke6
36.Nh4 Kd6 37.Nf3 Re8 38.a5 c5 39.dxc5+ Bxc5 40.Nd4 Re4 41.Ra4 Re1 42.Nxb3 Re3+
43.Kc2 Re2+ 44.Kd1 Rxb2 45.Nxc5 Kxc5 46.a6 Rb8 47.a7 Ra8 48.Kd2 Kb5 49.Ra2 Kc4
50.Ra1 f5 51.Ra2 Kb3 52.Ra6 Kc4 53.Ra1 d4 54.Kc2 h4  1-0

[Event "Asian Continental 2012"]
[Site "Ho Chi Minh City VIE"]
[Date "2012.05.05"]
[Round "1.10"]
[White "Tu Hoang Thong"]
[Black "Ghaem Maghami,E"]
[Result "1/2-1/2"]
[WhiteElo "2434"]
[BlackElo "2579"]

1.d4 Nf6 2.Bg5 d5 3.e3 Nbd7 4.Nf3 g6 5.c4 Bg7 6.Nc3 c6 7.cxd5 Nxd5 8.Nxd5 cxd5
9.Bd3 Qb6 10.Qb3 Qxb3 11.axb3 Nb8 12.Kd2 Nc6 13.Rhc1 Bd7 14.Bh4 f6 15.Rc5 e6
16.Rb5 Nd8 17.Rc5 Nc6 18.Rb5 Nd8 19.Rc5 Nc6 20.Rb5 Nd8  1/2-1/2

[Event "ch-SRB 2012"]
[Site "Vrnjacka Banja SRB"]
[Date "2012.05.05"]
[Round "13"]
[White "Miladinovic,I"]
[Black "Popovic,Du"]
[Result "1/2-1/2"]
[WhiteElo "2555"]
[BlackElo "2561"]

1.d4 Nf6 2.Bg5 d5 3.e3 c5 4.Bxf6 gxf6 5.dxc5 e6 6.c4 dxc4 7.Qxd8+ Kxd8 8.Bxc4 Bxc5
9.Nc3 Ke7 10.a3 a6 11.Nf3 Nc6  1/2-1/2

[Event "Asian Continental 2012"]
[Site "Ho Chi Minh City VIE"]
[Date "2012.05.06"]
[Round "2.26"]
[White "Nguyen Van Hai"]
[Black "Ni Hua"]
[Result "1-0"]
[WhiteElo "2341"]
[BlackElo "2673"]

1.d4 Nf6 2.Bg5 c5 3.Bxf6 gxf6 4.d5 Qb6 5.Qc1 f5 6.c4 d6 7.Nc3 Nd7 8.e3 Nf6
9.Qc2 e5 10.g3 h5 11.Nf3 e4 12.Nh4 Ng4 13.Be2 Bg7 14.a3 Bd7 15.Ng2 Be5 16.h3 Nf6
17.h4 a6 18.O-O Qd8 19.Rab1 Rc8 20.Nf4 Ng4 21.Rfc1 Qf6 22.Na4 Qd8 23.b4 cxb4
24.axb4 Rg8 25.Bxg4 Rxg4 26.Ng2 Kf8 27.Qb3 Bxg3 28.fxg3 Rxg3 29.Nc3 Qxh4
30.Ne2 Rg4 31.Nf4 Qg3 32.Qc3 h4 33.c5 Kg8 34.Rc2 Rg5 35.Qe1 Qg4 36.Kh2 Kg7
37.Nh3 Qg3+ 38.Qxg3 hxg3+ 39.Kg1 Rg4 40.Rbc1 dxc5 41.bxc5 Kf6 42.c6 bxc6
43.dxc6 Be6 44.Ra1 Rc7 45.Ngf4 Rg8 46.Rxa6 Rb8 47.Ra3 Ke5 48.Ne2 Rb1+ 49.Kg2 Bb3
50.Rc3 Bd5 51.Ra5 Kd6 52.Nd4  1-0

[Event "42nd Bosna Open B"]
[Site "Sarajevo BIH"]
[Date "2012.05.06"]
[Round "2.15"]
[White "Avdic,A2"]
[Black "Cabric,Izet"]
[Result "1-0"]
[WhiteElo "2089"]
[BlackElo "1968"]

1.d4 Nf6 2.Bg5 c5 3.Bxf6 exf6 4.dxc5 Bxc5 5.e3 O-O 6.Bd3 Qb6 7.Qc1 Nc6 8.Nd2 d5
9.c3 Re8 10.Be2 g6 11.Nb3 Bf8 12.Nf3 f5 13.g3 Ne5 14.Nxe5 Rxe5 15.Qd2 Bh6
16.Qd4 Qe6 17.Nc5 Qd6 18.Bf3 Re7 19.Qxd5 Qb6 20.O-O-O Be6 21.Qd6 Qxd6 22.Rxd6 Rb8
23.Bd5 Bxd5 24.Rxd5 b5 25.Rhd1 Kg7 26.Rd7 Bg5 27.Na6 Rbe8 28.Nc7 Rb8 29.Rxe7 Bxe7
30.Rd7 Kf8 31.b4 Bd8 32.Nd5 a5 33.a3 axb4 34.axb4 h5 35.h4 g5 36.hxg5 Bxg5
37.Rd6 Rd8 38.Rxd8+ Bxd8 39.Kd2 Ke8 40.Kd3 Kd7 41.Nf4 h4 42.gxh4 Bxh4 43.f3 Bg3
44.Ne2 f4 45.exf4 Bh2 46.Ke4 Kc6 47.Ke5 Kd7 48.Kd5 Ke7 49.Kc5 Kf6 50.Kxb5 Kf5
51.Kc5 Bxf4 52.Nxf4 Kxf4 53.b5  1-0

[Event "Asian Continental 2012"]
[Site "Ho Chi Minh City VIE"]
[Date "2012.05.09"]
[Round "5.35"]
[White "Tran Tuan Minh"]
[Black "Bao Khoa"]
[Result "0-1"]
[WhiteElo "2266"]
[BlackElo "2257"]

1.d4 Nf6 2.Bg5 c5 3.d5 Ne4 4.Bc1 g6 5.Qd3 f5 6.f3 Nf6 7.Nc3 Bg7 8.e4 d6 9.Nh3 O-O
10.Nf4 Na6 11.a3 Nc7 12.Be2 b5 13.Nxb5 fxe4 14.fxe4 Nxb5 15.Qxb5 Nxe4 16.Qc4 Qa5+
17.c3 Nxc3 18.Bd2 Rxf4 19.Qxf4 Nxe2 20.Qe3 Qa4 21.Qxe2 Bg4 22.Qd3 Bxb2 23.O-O Bf5
24.Rxf5 Qd4+ 25.Qxd4 Bxd4+ 26.Rf2 Bxa1 27.Re2 Bd4+ 28.Kf1 Kf7 29.Bg5 Bf6
30.Bxf6 Kxf6 31.Rb2 Ke5 32.Rb7 Kxd5 33.Rxe7 c4 34.Rxh7 Re8 35.Rxa7 c3 36.Rc7 Kd4
37.a4 Kd3 38.Rd7 Re6 39.a5 c2 40.Rc7 d5 41.Kf2 d4 42.h4 Kd2 43.Rc4 d3  0-1

[Event "42nd Bosna Open B"]
[Site "Sarajevo BIH"]
[Date "2012.05.09"]
[Round "7.12"]
[White "Avdic,A2"]
[Black "Tucakovic,M"]
[Result "1-0"]
[WhiteElo "2089"]
[BlackElo "2031"]

1.d4 Nf6 2.Bg5 d5 3.e3 g6 4.Bxf6 exf6 5.c4 c6 6.Nc3 dxc4 7.Bxc4 b5 8.Bxb5 Qb6
9.Qc2 Bf5 10.Bd3 Bxd3 11.Qxd3 Qxb2 12.Rb1 Qa3 13.Nge2 Bb4 14.Qe4+ Kf8 15.Rb3 Qa5
16.O-O Kg7 17.Rfb1 Na6 18.Qxc6 Rac8 19.Qb5 Qxb5 20.Nxb5 Rc2 21.R3b2 Rhc8
22.Kf1 Rxb2 23.Rxb2 Rc4 24.f3 Ba5 25.a3 Bb6 26.Ke1 Nc7 27.Nxc7 Bxc7 28.Rb7 Bb6
29.Kd2 Ra4 30.d5 Rxa3 31.Nd4 Bxd4 32.exd4 f5 33.d6 Kf6 34.h4 Ra6 35.Kd3 Rxd6
36.Rxa7 Ke6 37.Rb7 h6 38.Rb8 Ra6 39.Rb2 Kd5 40.Rb5+ Kd6 41.h5 Ke6 42.Kc4 Rc6+
43.Rc5 Rb6 44.d5+ Ke5 45.Rc6 Rb1 46.hxg6 Rc1+ 47.Kb5 Rb1+ 48.Kc5 Rc1+ 49.Kb6 Rb1+
50.Kc7 fxg6 51.d6  1-0

[Event "14th Salou Open"]
[Site "Salou ESP"]
[Date "2012.05.10"]
[Round "8.2"]
[White "Moskalenko,V1"]
[Black "Cabrera,Ale"]
[Result "0-1"]
[WhiteElo "2532"]
[BlackElo "2510"]

1.d4 Nf6 2.Bg5 d5 3.e3 Ne4 4.Bf4 c5 5.Bd3 Qb6 6.Bxe4 dxe4 7.Nc3 e6 8.Nge2 f5
9.O-O Nd7 10.a4 a6 11.a5 Qd8 12.Bg3 Nf6 13.Qb1 Bd7 14.Rd1 cxd4 15.Nxd4 Qe7
16.Na4 e5 17.Nb6 Rd8 18.Nxd7 Rxd7 19.Nxf5 Qe6 20.Rxd7 Nxd7 21.Nh4 g5 22.Qd1 gxh4
23.Bxh4 Be7 24.Bxe7 Kxe7 25.Ra4 Nf6 26.Rb4 Qc6 27.h3 Rd8 28.Qe2 Rd5 29.Rb6 Qc7
30.Qe1 Rc5 31.Rb3 Nd5 32.Qd1 Nf6 33.g4 h6 34.Kg2 Rxa5 35.Qe1 Ra4 36.Rc3 Rc4
37.Rxc4 Qxc4 38.Qa5 Nd7 39.Qa3+ Ke6 40.c3 b6 41.b4 Qe2 42.Qb3+ Ke7 43.Qg8 Qf3+
44.Kg1 Qxh3 45.Qh7+ Kd6 46.Qg6+ Kc7 47.Qxe4 b5 48.Qg6 Qh4 49.Qxa6 Qxg4+ 50.Kf1 Qc4+
51.Kg1 h5 52.Qa5+ Kd6 53.Qa6+ Qc6 54.Qa1 Ke7 55.Qf1 Nf6 56.Qe2 Ke6 57.f4 Qxc3  0-1

[Event "Tschaturanga Open"]
[Site "Vienna AUT"]
[Date "2012.05.10"]
[Round "4.12"]
[White "Stanivukovic,D"]
[Black "Galler,A"]
[Result "1-0"]
[WhiteElo "2042"]
[BlackElo "1855"]

1.d4 Nf6 2.Bg5 d5 3.e3 Nc6 4.a3 Bf5 5.Nc3 h6 6.Bf4 Ne4 7.Nb5 Nd6 8.Nc3 Ne4
9.Nxe4 Bxe4 10.f3 Bf5 11.g4 Bd7 12.Bd3 g5 13.Bg3 h5 14.gxh5 Rxh5 15.f4 g4
16.Be2 f5 17.Bd3 Rh6 18.h3 e5 19.fxe5 Qe7 20.Qd2 O-O-O 21.Qg2 Rg6 22.h4 Bh6
23.Qf2 Rf8 24.Ne2 Rgg8 25.Nf4 Be6 26.O-O-O Kb8 27.Kb1 a5 28.h5 Qd7 29.Rdf1 Ne7
30.Bh4 Bg5 31.Bxg5 Rxg5 32.Qh4 Rgg8 33.Rh2 g3 34.Rg2 Rg4 35.Qh3 Rfg8 36.Rfg1 Nc6
37.Rxg3 Rxg3 38.Rxg3 Rxg3 39.Qxg3 Nd8 40.Qg6  1-0

[Event "Serbia Cup Final 2012"]
[Site "Kragujevac SRB"]
[Date "2012.05.17"]
[Round "4"]
[White "Okilj,T"]
[Black "Jovanovic,Miroslav T"]
[Result "1-0"]
[WhiteElo "2083"]
[BlackElo "2042"]

1.d4 Nf6 2.Bg5 g6 3.Bxf6 exf6 4.e3 Bg7 5.c4 d5 6.Nc3 c6 7.cxd5 cxd5 8.Qb3 O-O
9.g3 Nc6 10.Bg2 Na5 11.Qxd5 Qb6 12.Qb5 Qd8 13.Nge2 a6 14.Qd3 Rb8 15.O-O b5
16.Rac1 h5 17.Nf4 Bh6 18.Nxg6 fxg6 19.Qxg6+ Bg7 20.Bd5+ Qxd5 21.Nxd5 Rf7
22.Rc7 Be6 23.Nxf6+ Kf8 24.Nh7+ Kg8 25.Qxe6  1-0

[Event "Salento Open 2012"]
[Site "Gallipoli ITA"]
[Date "2012.05.21"]
[Round "4"]
[White "Bentivegna,F"]
[Black "Mogranzini,R"]
[Result "0-1"]
[WhiteElo "2276"]
[BlackElo "2461"]

1.d4 Nf6 2.Bg5 d5 3.Bxf6 exf6 4.e3 c6 5.c4 dxc4 6.Bxc4 Bd6 7.Nc3 f5 8.Nf3 O-O
9.Qc2 Nd7 10.Bd3 g6 11.h4 Nf6 12.h5 Qe7 13.O-O-O b5 14.hxg6 fxg6 15.Rh4 b4
16.Na4 Be6 17.Nc5 Bd5 18.Rdh1 Rf7 19.Ng5 Rg7 20.e4 fxe4 21.Ngxe4 Re8 22.f3 a5
23.Bc4 Kh8 24.Bd3 Bxc5 25.dxc5 Nxe4 26.Bxe4 Bg8 27.Bd3 Qg5+ 28.f4 Qg3 29.Qd2 Be6
30.Be4 Rd7 31.Qc2 Bf5  0-1

[Event "ch-UZB Major 2012"]
[Site "Tashkent UZB"]
[Date "2012.05.21"]
[Round "5"]
[White "Holmirzaev,B"]
[Black "Nazhmeddinov,S"]
[Result "1-0"]
[WhiteElo "2315"]
[BlackElo "2246"]

1.d4 Nf6 2.Bg5 d5 3.Bxf6 exf6 4.e3 Bd6 5.c4 dxc4 6.Bxc4 O-O 7.Ne2 c5 8.dxc5 Bxc5
9.O-O Nc6 10.Nbc3 Bf5 11.Ng3 Bg6 12.Bd5 Rc8 13.h4 h6 14.h5 Bh7 15.Be4 Ne5
16.Bxh7+ Kxh7 17.Qa4 Qd3 18.Qf4 Rfd8 19.Rad1 Qc2 20.Nge4 Bf8 21.Qf5+ Kh8
22.Rd2 Rxd2 23.Qxc8 Kg8 24.Nxd2 Qxd2 25.Rd1 Qxb2 26.Rd8 Qb4 27.Nd5 Qa3 28.Rxf8+  1-0

[Event "Caissa IM May 2012"]
[Site "Kecskemet HUN"]
[Date "2012.05.27"]
[Round "9.5"]
[White "Vamos,V"]
[Black "Wang Doudou"]
[Result "1-0"]
[WhiteElo "2232"]
[BlackElo "2130"]

1.d4 Nf6 2.Bg5 d5 3.e3 c6 4.Bd3 Bg4 5.f3 Bh5 6.Ne2 Nbd7 7.f4 e6 8.Nd2 Qb6
9.Qc1 c5 10.c3 Bg6 11.Bxg6 hxg6 12.Bxf6 Nxf6 13.Qc2 Qa6 14.Nf3 Ne4 15.O-O Bd6
16.Ng3 Nxg3 17.hxg3 O-O-O 18.Ne5 Bxe5 19.fxe5 Rdf8 20.b4 c4 21.Rf3 Rh6 22.Raf1 Rfh8
23.Rxf7 Rh1+ 24.Kf2 Rxf1+ 25.Kxf1 Rh1+ 26.Kf2 Ra1 27.Qxg6 Qxa2+ 28.Kf3 Rf1+
29.Kg4 Rxf7 30.Qxf7 Qe2+ 31.Kh3 a6 32.Qxe6+ Kb8 33.Qf5 Qxe3 34.e6 Ka7 35.Qxd5 Qh6+
36.Kg4 Qg6+ 37.Kf4 Qh6+ 38.Kf3 Qf6+ 39.Ke2 Qg6 40.Qxc4 Qxg3 41.Qc5+ Ka8 42.e7 Qxg2+
43.Ke3 Qh3+ 44.Kf4 Qe6 45.Qe5 Qh6+ 46.Kf5 Qh5+ 47.Ke6 Qe8 48.Qxg7 Ka7 49.d5 Qc8+
50.Kd6 Qe8 51.Kc7 Qh5 52.Qd4+ Ka8 53.Qf4 Ka7 54.Qf2+  1-0

[Event "31st OCF NAO FIDE Open"]
[Site "Stillwater USA"]
[Date "2012.05.27"]
[Round "5.2"]
[White "Wall,B"]
[Black "Patton,T"]
[Result "1/2-1/2"]
[WhiteElo "2204"]
[BlackElo "2067"]

1.d4 Nf6 2.Bg5 d5 3.Bxf6 exf6 4.e3 c6 5.c4 Qb6 6.Qb3 Be6 7.c5 Qc7 8.Qc3 Nd7
9.Ne2 Be7 10.Nd2 O-O 11.Nf4 f5 12.b4 a5 13.b5 b6 14.cxb6 Qxb6 15.Qxc6 Rfc8
16.Qxb6 Nxb6 17.Bd3 Rc3 18.Ke2 Rac8 19.a4 g5 20.Nxe6 fxe6 21.Rhb1 Kf7 22.h3 R8c7
23.g4 Kf6 24.Nb3 Bb4 25.Nd2 Be7 26.f3 Ba3 27.Rb3 Rxb3 28.Nxb3 Bb4 29.Nd2 Rc3
30.e4 f4 31.e5+ Kg7 32.Ra2 h6 33.Ra1 Rc8 34.Nb3 Rc3 35.Nd2 Ra3 36.Rxa3 Bxa3
37.Bc2 Bb4 38.Kd3 Bxd2 39.Kxd2  1/2-1/2

[Event "31st OCF NAO FIDE Open"]
[Site "Stillwater USA"]
[Date "2012.05.27"]
[Round "6.1"]
[White "Braunlich,T"]
[Black "Patton,T"]
[Result "1-0"]
[WhiteElo "2200"]
[BlackElo "2067"]

1.d4 Nf6 2.Bg5 d5 3.Bxf6 exf6 4.e3 c6 5.c4 Qb6 6.Qb3 Be6 7.Nc3 dxc4 8.Bxc4 Qxb3
9.axb3 Nd7 10.e4 Nb6 11.d5 cxd5 12.exd5 Bf5 13.Nge2 Bc5 14.Ng3 Nxc4 15.Nxf5 Nxb2
16.Kd2 Rc8 17.Ra2 Bb4 18.Rc1 Nd1 19.Kxd1 Rxc3 20.Rxc3 Bxc3 21.Rxa7 O-O 22.Ne7+ Kh8
23.Rxb7 Be5 24.Nc6 h5 25.Nxe5 fxe5 26.Re7 f6 27.d6 Rd8 28.d7 Kh7 29.Kc2 Kg6
30.Kc3 f5 31.Rxe5 Rxd7 32.b4 Kf6 33.Re2 g5 34.b5 h4 35.h3 g4 36.Kc4 Rd1 37.Rb2 f4
38.f3 Rc1+ 39.Kd5 Rd1+ 40.Ke4 gxh3 41.gxh3 Re1+ 42.Kxf4 Re7 43.b6 Rb7 44.Kg4 Ke5
45.Rb5+ Kd4 46.f4 Ke4 47.Rb4+ Kd5 48.Kxh4 Kc5 49.Rb1  1-0

[Event "Vlado Andriusaicio Rapid A 2012"]
[Site "Vilnius LTU"]
[Date "2012.05.27"]
[Round "9"]
[White "Stankevicius,Vytautas"]
[Black "Kudzma,L"]
[Result "0-1"]
[WhiteElo "1782"]
[BlackElo "2152"]

1.d4 Nf6 2.Bg5 d5 3.Bxf6 exf6 4.Nf3 c6 5.e3 Bd6 6.Bd3 O-O 7.Nbd2 f5 8.O-O Re8
9.c3 Qe7 10.Qc2 g6 11.c4 dxc4 12.Nxc4 Bc7 13.Nce5 Nd7 14.Nxc6 bxc6 15.Qxc6 Nb6
16.Rfc1 Bd6 17.a4 Bb7 18.Qb5 Rab8 19.Nd2 Ba8 20.Qa6 Nd5 21.Nc4 Bxh2+ 22.Kxh2 Nb4  0-1

[Event "1st Euro 2012 Open"]
[Site "Lviv UKR"]
[Date "2012.05.28"]
[Round "1"]
[White "Ustiyanovich,N"]
[Black "Matviyishen,Viktor"]
[Result "1-0"]
[WhiteElo "2163"]
[BlackElo "1848"]

1.d4 Nf6 2.Bg5 c5 3.d5 Qb6 4.Bc1 e6 5.Nc3 exd5 6.Nxd5 Nxd5 7.Qxd5 Nc6 8.c3 d6
9.Nf3 Be6 10.Qh5 O-O-O 11.g3 Be7 12.Bh3 Bxh3 13.Qxh3+ Kb8 14.O-O h6 15.Rd1 g5
16.Qf5 Rhg8 17.b3 g4 18.Ne1 Rg6 19.Qxf7 Rf6 20.Qh5 Rdf8 21.Be3 Ne5 22.Nd3 Nf7
23.Nf4 Ng5 24.Qxg4 Rf5 25.h4 h5 26.Nxh5 Nh3+ 27.Qxh3 Rxh5 28.Qd7 Rh7 29.Bf4 Rhf7
30.e3 Ka8 31.Rac1 a6 32.Rc2 d5 33.h5 d4 34.cxd4 cxd4 35.Rc8+  1-0

[Event "31st OCF NAO FIDE Open"]
[Site "Stillwater USA"]
[Date "2012.05.28"]
[Round "7.1"]
[White "Wall,B"]
[Black "Braunlich,T"]
[Result "1/2-1/2"]
[WhiteElo "2204"]
[BlackElo "2200"]

1.d4 Nf6 2.Bg5 c5 3.Nc3 Qb6 4.d5 Qxb2 5.Bd2 Qb6 6.Rb1 Qc7 7.e4 d6 8.f4 a6
9.Nf3 e5 10.a4 Nbd7 11.Bc4 exf4 12.Bxf4 Ne5 13.Nxe5 dxe5 14.Bg5 Qa5 15.Qd2 Be7
16.O-O O-O 17.d6 Bd8 18.Rf3 Be6 19.Bxe6 fxe6 20.Rxb7 Rf7 21.d7 Be7 22.h3 c4
23.Kh2 Qc5 24.Be3 Qc6 25.Rb6 Qxd7 26.Qxd7 Nxd7 27.Rxe6 Bb4 28.Nd5 Rxf3 29.gxf3 Bc5
30.Rc6 Bxe3 31.Nxe3  1/2-1/2

[Event "Victory Day 2012"]
[Site "Moscow RUS"]
[Date "2012.06.01"]
[Round "1.5"]
[White "Bagirov,R"]
[Black "Tilicheev,V"]
[Result "1/2-1/2"]
[WhiteElo "2461"]
[BlackElo "2387"]

1.d4 Nf6 2.Bg5 g6 3.Bxf6 exf6 4.g3 Bg7 5.Bg2 f5 6.e3 d6 7.Ne2 Nd7 8.c4 O-O
9.Nbc3 c6 10.O-O Nf6 11.b4 Be6 12.Qd3 d5 13.cxd5 Nxd5 14.Nxd5 Bxd5 15.Rfd1 a5
16.Bxd5 Qxd5 17.Nc3 Qd6 18.bxa5 Rxa5 19.a4 Qd7 20.Rab1 Rfa8 21.Rb3 c5 22.Qb1 cxd4
23.exd4 R8a7 24.Rb4 f4 25.Qe4 fxg3 26.hxg3 Qc6 27.Qxc6 bxc6 28.Rb8+ Bf8 29.Rc8 Ra8
30.Rxc6 Bb4 31.Ne4 Rxa4 32.Kg2 Be7 33.Nc3 R4a6 34.d5 Bb4 35.Nb5 Ra5 36.Nc7 Rd8
37.d6 Rc5 38.Rxc5 Bxc5 39.Nb5 f5 40.Rd5 Bb6 41.Re5 Kf7 42.Re7+ Kf6 43.Rxh7 Bc5  1/2-1/2

[Event "Women's World Rapid Championship 2012"]
[Site "Batumi GEO"]
[Date "2012.06.02"]
[Round "9.10"]
[White "Mkrtchian,L"]
[Black "Wang Jue"]
[Result "1/2-1/2"]
[WhiteElo "2449"]
[BlackElo "2364"]

1.d4 Nf6 2.Bg5 c5 3.Bxf6 gxf6 4.d5 Qb6 5.Qc1 f5 6.c4 d6 7.Nc3 Nd7 8.e3 Ne5
9.f4 Ng4 10.Bd3 Bg7 11.Nge2 e5 12.h3 e4 13.Bxe4 Nxe3 14.Qxe3 fxe4 15.Qxe4+ Kd8
16.Qc2 Qb4 17.Qb3 Bf5 18.Kd2 a5 19.g4 Bd7 20.Kc2 Re8 21.Rae1 a4 22.Qxb4 cxb4
23.Nb5 Bxb5 24.cxb5 Rc8+ 25.Kb1 Re3 26.Nc1 Rxe1 27.Rxe1 Rc4 28.Nd3 Rd4 29.Re3 Rxd5
30.Nxb4 Rxb5 31.a3 Kd7 32.b3 axb3 33.Rxb3 h5 34.Kc2 Rc5+ 35.Kd3 hxg4 36.hxg4 b5
37.Nc2 Rc4 38.Rxb5 Rxf4 39.Ne3 Rd4+ 40.Ke2 Ra4 41.Rb3 Ke6 42.Kf3 Be5 43.Rd3 Bb2
44.Nc2 d5 45.Rb3 Be5 46.Rb4 Ra6 47.a4 Rc6 48.Nd4+ Bxd4 49.Rxd4 Ke5 50.Rb4 Rc3+
51.Ke2 Ra3 52.g5 Rg3 53.Rb7 Kd4 54.Rxf7 Rxg5 55.Rf3 Rg2+ 56.Kd1 Ra2 57.Kc1 Ke4
58.Rh3 d4 59.Kd1 Rxa4 60.Rg3 Ra2 61.Rh3 Rf2 62.Rg3 Rf8 63.Rh3 Kd5 64.Kd2 Kc4
65.Rg3 Rf2+ 66.Kd1 Rh2 67.Rf3 d3 68.Rf8 Kc3 69.Rc8+ Kd4 70.Rd8+ Ke3 71.Re8+ Kd4  1/2-1/2

[Event "11th TCh-BIH Premier"]
[Site "Jahorina BIH"]
[Date "2012.06.03"]
[Round "2.5"]
[White "Sedlak,N"]
[Black "Popovic,Du"]
[Result "1/2-1/2"]
[WhiteElo "2556"]
[BlackElo "2548"]

1.d4 Nf6 2.Bg5 g6 3.Bxf6 exf6 4.e3 d6 5.h4 h5 6.g3 f5 7.Bg2 Nd7 8.Ne2 Nf6
9.c4 Bh6 10.Nbc3 O-O 11.Qd3 Re8 12.Kf1 c6 13.Bf3 Qe7 14.Kg2 Ne4 15.b4 Be6
16.Nf4 Bxf4 17.exf4 Nxc3 18.Qxc3 Rac8 19.a4 a6 20.Rhd1 Qf6 21.Rac1 Kg7 22.c5 Red8
23.cxd6 Rxd6 24.d5 cxd5 25.Qxf6+ Kxf6 26.Rxc8 Bxc8 27.Rxd5 Ke6 28.Rc5 Bd7
29.Re5+ Kf6 30.a5 Bc6 31.Bxc6 Rxc6 32.b5 axb5 33.Rxb5 Rc7 34.Rb6+ Kg7 35.Rb5 Kf6
36.Kf3 Re7 37.Rb6+  1/2-1/2

[Event "TCh-SUI National A 2012"]
[Site "Switzerland SUI"]
[Date "2012.06.03"]
[Round "4.6"]
[White "Kuemin,S"]
[Black "Rusev,A"]
[Result "1-0"]
[WhiteElo "2381"]
[BlackElo "2258"]

1.d4 Nf6 2.Bg5 d5 3.Nf3 Ne4 4.Bh4 Qd6 5.Nbd2 Qb4 6.e3 Qxb2 7.Nxe4 dxe4 8.Nd2 e5
9.Rb1 Qa3 10.Rb3 Qd6 11.Nxe4 Qg6 12.Qf3 Nc6 13.Bb5 Bd7 14.d5 Na5 15.Bxd7+ Kxd7
16.Rb5 a6 17.Nc5+ Bxc5 18.Rxc5 b6 19.Rc3 Rhf8 20.O-O f5 21.Rd1 h6 22.d6 cxd6
23.Be7 Kxe7 24.Rc7+ Kd8 25.Qxa8+ Kxc7 26.Qxf8 Qf6 27.Qa8 Qe6 28.Qa7+ Kc6
29.Qxa6 Qxa2 30.Qc8+ Kb5 31.Qxf5 Nc4 32.h3 Kb4 33.Qd3 b5 34.c3+ Ka3 35.Rb1 Qd2
36.Qxd2 Nxd2 37.Rxb5  1-0

[Event "1st Grand Europe Open"]
[Site "Golden Sands BUL"]
[Date "2012.06.04"]
[Round "1.58"]
[White "Smirnov,Arte"]
[Black "Dyulgerov,Dimitar"]
[Result "1-0"]
[WhiteElo "2432"]
[BlackElo "2015"]

1.d4 Nf6 2.Bg5 c5 3.d5 Qb6 4.Nc3 Qxb2 5.Bd2 Qb6 6.e4 d6 7.Rb1 Qc7 8.f4 a6
9.Nf3 Bg4 10.a4 Nbd7 11.Bc4 g6 12.O-O Bg7 13.Qe1 Bxf3 14.Rxf3 O-O 15.Qh4 Rfe8
16.Rh3 Nf8 17.Rf1 N6d7 18.e5 dxe5 19.f5 Nf6 20.Bh6 Bh8 21.Bxf8 Kxf8 22.fxg6 fxg6
23.Qxh7 Bg7 24.Qxg6  1-0

[Event "1st Grand Europe Open"]
[Site "Golden Sands BUL"]
[Date "2012.06.06"]
[Round "3.47"]
[White "Smirnov,Arte"]
[Black "Mgeladze,T"]
[Result "1-0"]
[WhiteElo "2432"]
[BlackElo "2195"]

1.d4 Nf6 2.Bg5 c5 3.d5 Qb6 4.Nc3 Qxb2 5.Bd2 Qb6 6.e4 d6 7.f4 e6 8.Rb1 Qc7
9.Bb5+ Nbd7 10.dxe6 fxe6 11.e5 dxe5 12.Nf3 a6 13.fxe5 axb5 14.Nxb5 Qb8 15.exf6 Nxf6
16.Bc3 Qf4 17.O-O Be7 18.Bd2 Qb8 19.Be1 Qf4 20.Nd2 Qe3+ 21.Bf2 Qf4 22.Bg3 Qe3+
23.Kh1 Nd5 24.Nc4 Qg5 25.Nb6 Rxa2 26.Nxc8 Bf6 27.Nbd6+  1-0

[Event "5th Sudety Open 2012"]
[Site "Szklarska Poreba POL"]
[Date "2012.06.07"]
[Round "6"]
[White "Betkowski,A"]
[Black "Cudnik,A"]
[Result "1/2-1/2"]
[WhiteElo "2186"]
[BlackElo "2078"]

1.d4 Nf6 2.Bg5 c5 3.d5 b5 4.Bxf6 gxf6 5.e4 a6 6.a4 b4 7.Nd2 d6 8.Qh5 Bg7
9.Ngf3 Nd7 10.Nc4 Ne5 11.Nfxe5 fxe5 12.Be2 Bf6 13.Bg4 Bxg4 14.Qxg4 h5 15.Qf3 Ra7
16.h4 a5 17.b3 Qd7 18.O-O-O Kd8 19.Rdg1 Kc7 20.Qe2 Raa8 21.g4 hxg4 22.Rxg4 Kb7
23.h5 Qc7 24.Rg3 Rh7 25.Rhg1 Rah8 26.Rh3 Ka7 27.Kb2 Qd8 28.Ne3 Qb6 29.Nf5 Kb7
30.h6 Ka7 31.Qd3 Qb8 32.Rhg3 Rc8 33.Qc4 Rch8 34.Rh3 Re8 35.Qd3 Rc8 36.Ne3  1/2-1/2

[Event "Kuna Arandu Elite"]
[Site "Luque PAR"]
[Date "2012.06.10"]
[Round "5"]
[White "Soppe,G"]
[Black "Bachmann,Ax"]
[Result "0-1"]
[WhiteElo "2423"]
[BlackElo "2566"]

1.d4 Nf6 2.Bg5 c5 3.Bxf6 gxf6 4.d5 Qb6 5.Qc1 Bh6 6.e3 f5 7.Ne2 Qf6 8.g3 b5
9.Bg2 d6 10.O-O Nd7 11.a4 b4 12.a5 Ba6 13.Re1 Bg7 14.Ra2 Bxe2 15.Rxe2 c4
16.c3 bxc3 17.Nxc3 Rb8 18.e4 f4 19.e5 Nxe5 20.Ne4 Qg6 21.Qxf4 O-O 22.Qe3 f5
23.Nd2 f4 24.gxf4 Nd3 25.Qe6+ Qxe6 26.Rxe6 Nxb2 27.Be4 c3 28.Nf1 Rxf4 29.Ne3 Bf6
30.Ra1 Rb4 31.Bc2 Rbd4 32.Rc1 Rd2  0-1

[Event "26th Pula Open"]
[Site "Pula CRO"]
[Date "2012.06.12"]
[Round "4.3"]
[White "Martinovic,Sa"]
[Black "Zelbel,P"]
[Result "1/2-1/2"]
[WhiteElo "2504"]
[BlackElo "2377"]

1.d4 Nf6 2.Bg5 c5 3.Bxf6 gxf6 4.d5 Qb6 5.Qc1 f5 6.c4 Bh6 7.e3 f4 8.exf4 Bxf4
9.Qxf4 Qxb2 10.Ne2 Qxa1 11.Nc3 d6 12.Qd2 Rg8 13.Be2 Rxg2 14.Bf3 Rg6 15.Ke2 Bg4
16.Rc1 Nd7 17.Bxg4 Rxg4 18.Na3 Qxc1 19.Qxc1 O-O-O 20.Qh6 Nf6 21.Qh3 Kb8 22.f3 Rg5
23.Ne4 Rh5 24.Qg3 Rg8 25.Qf2 Nxe4 26.fxe4 Rg6 27.h4 f6 28.Nb1 Rg4 29.Nd2 Kc7
30.Nf3 Rxe4+ 31.Kd3 Rg4 32.Qe1 Kd8 33.Qe6 Rg3 34.Ke4 f5+ 35.Ke3 Rxh4 36.Kf2 Re4
37.Qxf5 Rgg4 38.Qxh7 Rxc4 39.Qh8+ Kc7 40.Qh7 Kd8 41.Qh8+ Kc7 42.Qh7  1/2-1/2

[Event "5th Mayors Cup 2012"]
[Site "Mumbai IND"]
[Date "2012.06.14"]
[Round "10.10"]
[White "Hoang Thanh Trang"]
[Black "Padmini,R"]
[Result "0-1"]
[WhiteElo "2449"]
[BlackElo "2345"]

1.d4 Nf6 2.Bg5 g6 3.Bxf6 exf6 4.e3 d5 5.g3 c6 6.Bg2 Bg7 7.Ne2 O-O 8.Nd2 Nd7
9.O-O f5 10.b3 Nf6 11.c4 Re8 12.Rc1 Ne4 13.cxd5 cxd5 14.Nf4 b6 15.Re1 Ba6
16.f3 Nxd2 17.Qxd2 Qd6 18.Nd3 Rac8 19.f4 Bf8 20.Bf3 Qe6 21.Kf2 Ba3 22.Rxc8 Rxc8
23.Rb1 Qc6 24.Bd1 Bxd3 25.Qxd3 Bc1 26.Kf1 Kg7 27.b4 Qe6 28.Rb3 Qc6 29.Bf3 b5
30.Be2 a6 31.Qb1 h5 32.Rd3 h4 33.gxh4 Qf6 34.Qb3 Qxh4 35.Qxd5 Qxh2 36.Qg2 Qh4
37.Bd1 Qe7 38.d5 Qxb4 39.d6 Qe4 40.Be2 Rd8 41.d7 Qe7 42.Qb7 Qh4 43.Qc7 Qh1+
44.Kf2 Qh2+ 45.Ke1 Qh4+ 46.Kd1 Bb2 47.Qb7 Bf6 48.Qxa6 Qh1+ 49.Kd2 Ra8 50.Qxf6+ Kxf6
51.d8=Q+ Rxd8 52.Rxd8 Qa1 53.Ra8 b4 54.Ra6+ Kg7 55.Bd3 Kh6 56.Ke2 Kh5 57.Kf2 Kh4
58.Ra7 g5 59.Ra6 gxf4 60.exf4 Qd4+ 61.Ke2 Qxf4 62.Rc6 Qh2+ 63.Ke3 Qg1+ 64.Kf4 Qd4+
65.Kxf5 Qd5+  0-1